00598nam a2200205Ia 4500008004100000050001200041050001500053100003000068245006400098245003000162260003100192260001000223260001000233300001600243300002000259300001100279500005600290521002700346999001900373170504s9999 xx 000 0 und d aT 58.6  b.T164 2016 aTaniguchi, Daichi Paul S. aDental clinic management system for soriano dental clinic / cDaichi Paul S. Taniguchi. aLas Piñas, Philippines : bSISC, c2016. a191 pages : billustrations ; c28 cm. aIncludes bibliographical references and appendices. aInformation Technology c329731d329731